[Event "Torquay Rowena Challengers"]
[Site "Torquay"]
[Date "2019.09.07"]
[Round "7"]
[White "Kendall, Paul SN"]
[Black "Nyman, John CH"]
[Result "1/2-1/2"]
[WhiteElo "1957"]
[BlackElo "1785"]
[PlyCount "78"]
[EventDate "2019.09.01"]
[EventType "swiss"]
[EventRounds "7"]
[EventCountry "ENG"]
[SourceTitle "CBM 192 Extra"]
[Source "Chessbase"]
[SourceDate "2019.11.06"]
[SourceVersion "1"]
[SourceVersionDate "2019.11.06"]
[SourceQuality "1"]

1. e4 e5 2. Nf3 Nc6 3. d4 exd4 4. Nxd4 Nxd4 5. Qxd4 d6 6. Nc3 Qf6 7. Qe3 c6 8. Bd3 Ne7 9. f4 Ng6 10. Bd2 Be7 11. 0-0-0 0-0 12. h3 Bd8 13. g4 Bb6 14. Qg3 Re8 15. h4 Nf8 16. Rde1 Nd7 17. h5 Nc5 18. g5 Nxd3+ 19. Qxd3 Qd4 20. Qg3 Qf2 21. Qd3 Qd4 22. f5 Qxd3 23. cxd3 Bd7 24. Ref1 Bc7 25. Bf4 b5 26. Kb1 a5 27. Nd1 c5 28. Ne3 Bc6 29. Ng4 Rac8 30. h6 c4 31. hxg7 Kxg7 32. Nf6 Rh8 33. d4 h6 34. Nh5+ Kf8 35. d5 Bd7 36. Nf6 Ke7 37. Nxd7 hxg5 38. Bxg5+ Kxd7 39. Bf6 Rxh1 1/2-1/2

[Event "Prague Summer op-B 5th"]
[Site "Prague"]
[Date "2018.08.06"]
[Round "5"]
[White "Aytmukhametov, Bulat"]
[Black "Nyman, John CH"]
[Result "1-0"]
[WhiteElo "1000"]
[BlackElo "1780"]
[PlyCount "93"]
[EventDate "2018.08.03"]
[EventType "swiss"]
[EventRounds "9"]
[EventCountry "CZE"]
[SourceTitle "CBM 186 Extra"]
[Source "ChessBase"]
[SourceDate "2018.08.24"]
[SourceVersion "1"]
[SourceVersionDate "2018.08.24"]
[SourceQuality "1"]

1. c4 e5 2. Nc3 Nf6 3. Nf3 Nc6 4. e3 Be7 5. d4 exd4 6. Nxd4 d6 7. Be2 Ne5 8. 0-0 0-0 9. b3 a6 10. Qc2 c5 11. Nf3 Be6 12. Re1 Qc7 13. Bb2 Nxf3+ 14. Bxf3 Rab8 15. Nd5 Bxd5 16. Bxd5 b5 17. Re2 Ng4 18. h3 Ne5 19. Rd1 Rbd8 20. Qe4 Bf6 21. Qc2 bxc4 22. Bxc4 Nxc4 23. Qxc4 Bxb2 24. Rxb2 Qb6 25. Rd5 Rfe8 26. Rbd2 h6 27. Qf4 Re6 28. Rf5 Rf8 29. Rfd5 Rd8 30. Qc4 Ree8 31. Qd3 Re6 32. e4 f6 33. Kh2 Kf8 34. f3 a5 35. Qe3 Ke7 36. f4 Qc7 37. Qg3 Ke8 38. e5 fxe5 39. fxe5 g5 40. exd6 Qc6 41. d7+ Ke7 42. Qd3 Qc7+ 43. g3 Rf6 44. Qh7+ Kf8 45. Rf5 Rxf5 46. Qxf5+ Kg7 47. Qe6 1-0

[Event "High Wycombe e2e4 Major op 03"]
[Site "High Wycombe"]
[Date "2012.03.17"]
[Round "3"]
[White "Nyman, John CH"]
[Black "Tart, Peter K"]
[Result "1-0"]
[WhiteElo "1874"]
[BlackElo "1972"]
[PlyCount "93"]
[EventDate "2012.03.16"]
[EventType "swiss"]
[EventRounds "5"]
[EventCountry "ENG"]
[SourceTitle "EXT 2014"]
[Source "ChessBase"]
[SourceDate "2013.11.20"]
[SourceVersion "1"]
[SourceVersionDate "2013.11.20"]
[SourceQuality "1"]

1. e4 e5 2. Nf3 d5 3. exd5 Bd6 4. d4 e4 5. Ne5 Nf6 6. c4 Nbd7 7. Nxd7 Bxd7 8. Be2 0-0 9. Nc3 c5 10. Be3 b6 11. h3 Qe7 12. Qc2 Rfe8 13. 0-0-0 Rec8 14. g4 cxd4 15. Bxd4 b5 16. Kb1 bxc4 17. Bxf6 Qxf6 18. Nxe4 Qe5 19. Nxd6 Qxd6 20. Rd4 Qe5 21. Qe4 Qf6 22. Qf4 Qg6+ 23. Kc1 c3 24. b3 Qb6 25. Kc2 Qa5 26. a4 Qc5 27. Ra1 a5 28. Rc4 Qe7 29. Bd3 Rab8 30. Rxc8+ Rxc8 31. d6 Qh4 32. Bf5 Qf6 33. Qe4 g6 34. Qe7 Qxe7 35. dxe7 gxf5 36. Rd1 Kg7 37. Rxd7 Re8 38. Kxc3 fxg4 39. hxg4 Kf6 40. b4 axb4+ 41. Kxb4 Ke6 42. Rb7 Kd6 43. Kb5 h6 44. a5 f5 45. gxf5 h5 46. a6 h4 47. a7 1-0

[Event "Uxbridge e2e4 Major op"]
[Site "Uxbridge"]
[Date "2011.03.20"]
[Round "5"]
[White "Nyman, John CH"]
[Black "Musthapha, Othman"]
[Result "0-1"]
[WhiteElo "1865"]
[BlackElo "1755"]
[PlyCount "64"]
[EventDate "2011.03.18"]
[EventType "swiss"]
[EventRounds "5"]
[EventCountry "ENG"]
[SourceTitle "EXT 2023"]
[Source "ChessBase"]
[SourceDate "2022.10.05"]
[SourceVersion "1"]
[SourceVersionDate "2022.10.05"]
[SourceQuality "1"]

1. e4 c5 2. Nf3 d6 3. d4 cxd4 4. Nxd4 Nf6 5. Nc3 a6 6. Be3 e5 7. Nb3 Be6 8. f3 Nbd7 9. Qd2 Be7 10. 0-0-0 Qc7 11. g4 Nb6 12. g5 Nfd7 13. h4 Nc4 14. Bxc4 Bxc4 15. Nd5 Bxd5 16. Qxd5 Rc8 17. Rh2 Qc6 18. Qxc6 bxc6 19. f4 exf4 20. Bxf4 Ne5 21. Bxe5 dxe5 22. Na5 h6 23. g6 fxg6 24. Nc4 Rd8 25. Rxd8+ Bxd8 26. Nxe5 Bc7 27. Nxg6 Bxh2 28. Nxh8 h5 29. Kd2 Ke7 30. Ke3 Kf6 31. e5+ Bxe5 32. c3 g6 0-1